000 00413nam a2200181Ia 4500
001 8947
005 20260306160647.0
008 260306t2003||||xx |||||||||||||| ||spa||
041 _aESP
082 _a372
_bO28
100 _aGrupo Oceano
_eAUT
245 0 _aManual de la educación
260 _c2003
300 _axvi, 928 páginas :
_c26 cm.
650 _aGEN
654 _aCED
942 _cLIB
_dJUS
_fJUS
_2ddc
_n
999 _c8947
_d8947